|
|
|
|
| LEADER |
00000nab a2200000 a 4500 |
| 001 |
vtls010496555 |
| 003 |
SK-MaSNL |
| 005 |
20260318114944.0 |
| 008 |
130312c2013 xo w| 000 0|hun |
| 015 |
|
|
|a SNBRB2013/03
|
| 038 |
|
|
|a DSZK
|
| 040 |
|
|
|a DSZK
|b slo
|c DSZK
|e AACR2
|
| 041 |
0 |
|
|a hun
|
| 044 |
|
|
|a xo
|c SK
|
| 080 |
|
|
|a 373.3
|x (=511.141)
|x (437.6)
|2 2001
|
| 100 |
1 |
|
|a Kövesdi, Károly,
|d 1953-
|4 aut
|9 264403
|
| 245 |
1 |
0 |
|a A nyékvárkonyi nagycsalád
|c Kövesdi Károly
|
| 300 |
|
|
|b Fotogr.
|
| 610 |
2 |
7 |
|a Základná škola Ferenca Móru s vyučovacím jazykom maďarským (Vrakúň, Slovensko)
|2 dszk
|9 1086632
|
| 650 |
0 |
7 |
|a základné školy s vyučovacím jazykom maďarským
|2 dszk
|9 87207
|
| 651 |
|
7 |
|a Vrakúň (Slovensko)
|2 SNKPHgeo
|9 109956
|
| 773 |
0 |
|
|t Vasárnap
|g Évf. 46, sz. 11 (2013), o. 39
|
| 852 |
|
|
|a DSZK
|b KIS3GCP
|
| 958 |
|
|
|a HU
|
| 958 |
|
|
|a SK
|
| 999 |
|
|
|c 3293921
|d 3295851
|